000 00592nam a22001817a 4500
999 _c11144
_d11144
003 AR-CdUCM
008 190403b ||||| |||| 00| 0 spa d
040 _aMUNICIPALIDAD PROVINCIAL DEL CUSCO
_cBIBLIOTECA MUNICIPAL DEL CUSCO
082 _aEP / 372.460 /
_bM61
110 _aMinisterio de educación.
_97870
245 _aPalomita :
_bCuaderno de escritura /
260 _aLima :
_bMinisterio de educación,
_c1989.
300 _a80 paginas
_c27 cm.
505 _aContenido :Cuaderno de escritura.
650 _aEducación primaria
_91561
942 _2ddc
_cLIBROS
945 _arum
_d2019-04-05